| 000 | 01363nam0a22002531 4500 | ||
|---|---|---|---|
| 001 | rc\3174336 | ||
| 005 | 20120615112936.4 | ||
| 035 | _a(NLR Aleph) 007310045 | ||
| 090 |
_a5800495 _c5800495 |
||
| 100 | _a20120615d1976 |||y0rusy50 ca | ||
| 101 | 0 | _arus | |
| 102 | _aRU | ||
| 105 | _ay a ||||| | ||
| 200 | 1 |
_aБиблиография литературы, изданной в Грузинской ССР в 1971-1975 годах по вопросам воспитания трудящихся в духе пролетарского интернационализма и дружбы народов _fАН ГССР. Сектор науч. информации по обществ. наукам |
|
| 210 |
_aТбилиси _cМецниереба _d1976 |
||
| 215 |
_a20 с. _d20 |
||
| 300 | _aСост. указан на 7-й с. | ||
| 532 | 1 | 2 | _aБиблиография литературы, изданной в Грузинской Советской Социалистической Республике в 1971-1975 годах по вопросам воспитания трудящихся в духе пролетарского интернационализма и дружбы народов |
| 700 | 1 |
_aТевзадзе _bА. Г. |
|
| 801 | 0 |
_aRU _bNLR _gpsbo |
|
| 801 | 1 |
_aRU _bELAR _2rusmarc |
|
| 852 |
_aNLR _jС399-420/Б59 |
||
| 942 | _cBOOK | ||
| 980 | _aNB | ||